Nommez un département pour chaque nombre de frontières départementales - Statistiques

Statistiques générales
  • Ce quiz a été pris 37 fois
  • Le résultat moyen est 8 sur 10
Statistiques - réponses
# Départements frontaliers # Possibles % Correct
0 Guadeloupe / Guyane / La Réunion... 5
100%
6 Ain / Aisne / Allier... 30
97%
1 Corse-du-Sud / Haute-Corse 2
97%
2 Alpes-Maritimes / Finistère / Haute-Savoie... 6
94%
3 Ardennes / Ariège / Bouches-du-Rhône... 12
94%
4 Bas-Rhin / Gironde / Hautes-Alpes... 14
91%
5 Alpes-de-Haute-Provence / Aube / Aude... 19
85%
7 Ardèche / Aveyron / Côte-d'Or... 11
76%
10 Seine-et-Marne 1
41%
8 Maine-et-Loire 1
15%
Aucun quiz correspondant
Distribution des résultats
% des personnes avec chaque résultat
Percentile par nombre de réponses
Votre historique - résultats
Vous n’avez pas pris ce quiz